000
00320nam a2200133Ia 4500
005
20260328104336.0
008
260328s9999||||xx |||||||||||||| ||und||
100
_a
Hito
245
0
_a
Le Corbusier como Ingeniero /
_c
Hito
260
_b
Ministerio de Gobierno
300
_a
52 p.
650
_a
ARQUITECTURA
942
_c
BK
999
_c
11916
_d
11916